MOSIS 99. Modelling and Simulation of Systems. : 33rd Spring International Conference. Proceedings. Vol. 1 /
Salvato in:
| Natura: | Libro |
|---|---|
| Pubblicazione: |
Ostrava :
MARQ,
1999
|
| Soggetti: | |
| Tags: |
Nessun Tag, puoi essere il primo ad aggiungerne!!
|
MARC
| LEADER | 00000nam a22000003a 4500 | ||
|---|---|---|---|
| 001 | stu51607 | ||
| 005 | 20150408180038.9 | ||
| 008 | 000111s1999----xr----------------------d | ||
| 020 | |a 80-85988-32-1 | ||
| 040 | |a STU |b slo | ||
| 041 | 0 | ||
| 044 | |a xr | ||
| 080 | |a 519.86+519.876.5(082) | ||
| 245 | |a MOSIS 99. Modelling and Simulation of Systems. : |b 33rd Spring International Conference. Proceedings. Vol. 1 / |c Rožnov pod Radhoštěm, Czech Republic, April 27-29.1999 | ||
| 260 | |a Ostrava : |b MARQ, |c 1999 | ||
| 300 | |a 289 s | ||
| 650 | 7 | |a simulácia systémov |2 stusub | |
| 650 | 7 | |a modelovanie systémov |2 stusub | |
| 996 | |c I*Z7288 |l I |s A |a 24 |w stu51607_0001 | ||
| 996 | |b MZ 1442 |c M*Z-1442 |l MMKN |s A |a 24 |w stu51607_0002 | ||